[Event "WLS-ch Minor"]
[Site "Cardiff"]
[Date "2005.03.27"]
[Round "4"]
[White "Pardoe, Julian"]
[Black "Tonks, Brian"]
[Result "1/2-1/2"]
[WhiteElo "1569"]
[BlackElo "1646"]
[PlyCount "43"]
[EventDate "2005.03.26"]
[EventType "swiss"]
[EventRounds "7"]
[EventCountry "WLS"]
[SourceTitle "EXT 2006"]
[Source "ChessBase"]
[SourceDate "2005.11.24"]
[SourceVersion "1"]
[SourceVersionDate "2005.11.24"]
[SourceQuality "1"]

1. e4 d6 2. d4 Nf6 3. Nc3 c6 4. Nf3 Bg4 5. Be2 e6 6. 0-0 Be7 7. b3 0-0 8. Bb2 d5 9. exd5 cxd5 10. Ne5 Bxe2 11. Nxe2 Nc6 12. Nxc6 bxc6 13. Nf4 Qc7 14. Nd3 Bd6 15. h3 Rac8 16. Re1 Nd7 17. Ne5 Rce8 18. Nxd7 Qxd7 19. Qg4 Be7 20. Rad1 Rc8 21. c4 Bf6 22. c5 1/2-1/2